APAH Artists - Late Europe and Colonial Americas - Statistics

General Stats
  • This quiz has been taken 13 times
    4 since last reset
  • The average score is 18 of 56
Answer Stats
Artwork Artist % Correct
Marilyn Diptych Andy Warhol
100%
Lipstick (Ascending) on Caterpillar Tracks Claes Oldenburg
100%
Dream of a Sunday Afternoon in the Alameda Park Diego Rivera
100%
The Bay Helen Frankenthaler
100%
The Saint-Lazare Station Claude Monet
50%
Painted Elk Hide Cotsiogo (Cadzi Cody)
50%
Olympia Édouard Manet
50%
The Scream Edvard Munch
50%
Self-Portrait as a Soldier Ernst Ludwig Kirchner
50%
Y no hai remedio (And There's Nothing to Be Done) Francisco de Goya
50%
Fallingwater Frank Lloyd Wright
50%
The Two Fridas Frida Kahlo
50%
The Portuguese Georges Braque
50%
The Kiss (painting) Gustav Klimt
50%
Goldfish Henri Matisse
50%
The Migration of the Negro, Panel no. 49 Jacob Lawrence
50%
The Oath of the Horatii Jacques-Louis David
50%
A Philosopher Giving a Lecture on the Orrery Joseph Wright of Derby
50%
Memorial Sheet for Karl Liebknecht Käthe Kollwitz
50%
Still Life in Studio Louis-Jacuqes-Mandé Daguerre
50%
Carson, Pirie, Scott and Company Building Louis Sullivan
50%
Seagram Building Ludwig Mies van der Rohe and Philip Johnson
50%
Black-on-black ceramic vessel Maria and Julian Martínez
50%
Les Demoiselles d'Avignon Pablo Picasso
50%
Mont Sainte-Victoire Paul Cèzanne
50%
Composition with Red, Blue and Yellow Piet Mondrian
50%
Spiral Jetty Robert Smithson
50%
House in New Castle County Robert Venturi, John Rauch, and Denise Scott Brown
50%
Monticello Thomas Jefferson
50%
The Starry Night Vincent van Gogh
50%
Woman, I. Willem de Kooning
50%
Narcissus Garden Yayoi Kusama
50%
The Steerage Alfred Stieglitz
0%
The Burghers of Calais Auguste Rodin
0%
Palace of Westminster Charles Barry and Augustus W. N. Pugin
0%
The Kiss (sculpture) Constantin Brancusi
0%
The Horse in Motion Eadweard Muybridge
0%
Self-Portrait Elisabeth Louise Vigée Le Brun
0%
Liberty Leading the People Eugène Delacroix
0%
The Stone Breakers Gustave Courbet
0%
Nadar Rising Photography to the Height of Art Honoré Daumier
0%
George Washington Jean-Antoine Houdon
0%
Le Grande Odalisque Jean-Auguste-Dominique Ingres
0%
The Swing Jean-Honoré Fragonard
0%
The Valley of Mexico from the Hillside of Santa Isabel Jose María Velasco
0%
Slave Ship Joseph Mallord William Turner
0%
Villa Savoye Le Corbusier
0%
The Coiffure Mary Cassatt
0%
Object Meret Oppenheim
0%
Veranda Post of enthroned king and senior wife Olowe of Ise
0%
Portrait Mask (Mblo) Owie Kimou
0%
Where Do We Come From? What Are We? Where Are We Going? Paul Gauguin
0%
The Oxbow Thomas Cole
0%
Illustration from The Results of the First Five-Year Plan Varvara Stepanova
0%
Improvisation 28 (second version) Vassily Kandinsky
0%
The Jungle Wilfredo Lam
0%
No matching quizzes found
Score Distribution
Percent of People with Each Score
Percentile by Number Answered
Your Score History
You have not taken this quiz since the last reset